The San Francisco Renaissance : poetics and community at mid-century /

Bibliographic Details
Main Author: Davidson, Michael, 1944-
Format: Book
Language:English
Published: Cambridge [England] ; New York : Cambridge University Press, 1989.
Series:Cambridge studies in American literature and culture.
Subjects:

MARC

Tag First Indicator Second Indicator Subfields
LEADER 00000cam a2200000 a 4500
001 in00000973821
005 20150927111340.0
008 890310s1989 enk b 00110 eng
010 |a  89001025  
020 |a 0521258804 
035 |a (OCoLC)19456312 
035 |9 AEW1155AM 
040 |a DLC  |c DLC  |d TXA  |d UtOrBLW 
043 |a n-us---  |a n-us-ca 
049 |a TXAM 
050 0 0 |a PS285.S3  |b D38 1989 
082 0 0 |a 811/.5409/979461  |2 20 
100 1 |a Davidson, Michael,  |d 1944- 
245 1 4 |a The San Francisco Renaissance :  |b poetics and community at mid-century /  |c Michael Davidson. 
264 1 |a Cambridge [England] ;  |a New York :  |b Cambridge University Press,  |c 1989. 
300 |a xvi, 248 pages ;  |c 24 cm. 
336 |a text  |b txt  |2 rdacontent 
337 |a unmediated  |b n  |2 rdamedia 
338 |a volume  |b nc  |2 rdacarrier 
490 1 |a Cambridge studies in American literature and culture 
504 |a Includes bibliographical references (pages 219-242) and index. 
650 0 |a American literature  |z California  |z San Francisco  |x History and criticism. 
650 0 |a American literature  |y 20th century  |x History and criticism. 
651 0 |a San Francisco (Calif.)  |x Intellectual life  |y 20th century. 
830 0 |a Cambridge studies in American literature and culture. 
999 |a MARS 
999 f f |s c39c57f5-c2c3-353d-8f44-b22198997217  |i 2cd2f2cf-943a-3d29-9672-73d12907f3f2  |t 0 
952 f f |p normal  |a Texas A&M University  |b College Station  |c Sterling C. Evans Library  |d Evans: Library Stacks  |t 0  |e PS285.S3 D38 1989  |h Library of Congress classification  |i unmediated -- volume  |m A14814037210 
998 f f |a PS285.S3 D38 1989  |t 0  |l Evans: Library Stacks